Sports Quiz

Random Sports Quiz

Pittsburgh Penguins Captains Quiz Stats

 Plays Quiz not verified by Sporcle

Challenge
Share
Tweet
Embed
Score 0/15 Timer 10:00
0 Plays Today
Years Player % Correct
2007-Sidney Crosby
100%
1987-94Mario Lemieux
98.6%
1995-97Mario Lemieux
98.6%
2001-06Mario Lemieux
98.6%
1998-2001Jaromir Jagr
94.4%
1995Ron Francis
83.3%
1997-98Ron Francis
83.3%
1977-78Jean Pronovost
48.6%
Years Player % Correct
1981-84Randy Carlyle
38.9%
1984-86Mike Bullard
38.9%
1973-77Ron Schock
22.2%
1987Dan Frawley
22.2%
1967-68Ab McDonald
19.4%
1986-87Terry Ruskowski
19.4%
1978-81Orest Kindrachuk
13.9%

You're not logged in!

Compare scores with friends on all Sporcle quizzes.
Join for Free
OR
Log In

You Might Also Like...

Show Comments

Extras

Top Quizzes Today


Score Distribution

Your Account Isn't Verified!

In order to create a playlist on Sporcle, you need to verify the email address you used during registration. Go to your Sporcle Settings to finish the process.

Report this User

Report this user for behavior that violates our Community Guidelines.

Details: